|
|
|
|
| LEADER |
00000nab a2200000 a 4500 |
| 001 |
vtls000274356 |
| 003 |
SK-MaSNL |
| 005 |
20260303202244.0 |
| 008 |
111130c1987 xo 0 slo |
| 015 |
|
|
|a SNBRB19rr/mm-uuuuu
|
| 035 |
|
|
|a CL0284470
|
| 040 |
|
|
|a SNKBUCL
|b slo
|c SNKBUCL
|e AACR2
|
| 041 |
0 |
|
|a slo
|
| 044 |
|
|
|a xo
|c SK
|
| 080 |
|
|
|a 329.7(=922)
|2 1981
|
| 100 |
1 |
|
|a Lőrincz, Július,
|d 1910-1980
|4 aut
|9 48954
|
| 245 |
1 |
0 |
|a Pre jednotu palestínskeho hnutia
|b V Alžíri sa začalo 18. zasadanie Palestínskej národnej rady
|c Július Lőrincz
|
| 650 |
0 |
7 |
|a Palestínska samospráva Národná rada
|2 snkbucl
|9 924674
|
| 655 |
|
7 |
|a články z novín a časopisov
|2 snkbucl
|9 267496
|
| 773 |
0 |
|
|t Pravda
|g Roč. 68, č. 92 (21. 4. 1987), s. 4
|
| 850 |
|
|
|a Slovenská národná knižnica v Martine
|a MTA001
|
| 852 |
|
|
|a SNK
|b KIS3GCP
|
| 958 |
|
|
|a RK
|
| 992 |
|
|
|a RBX
|
| 999 |
|
|
|c 2178564
|d 2180494
|